| 000 | 00813cam a2200253 4500 | ||
|---|---|---|---|
| 001 | J111166 | ||
| 008 | 000000n 000 0 eng u | ||
| 035 | _a(Sirsi) u111166 | ||
| 050 | _a693.82 | ||
| 110 |
_aHome Office _91239 |
||
| 245 | _aGuide to means of escape and related fire safety measures in certain existing houses in multiple occupation. | ||
| 260 |
_aLondon _bHMSO _b1988? |
||
| 300 | _a31p. ; 30cm. | ||
| 650 | _aFIRE PREVENTION | ||
| 650 | _aMANAGEMENT-HEALTH AND SAFETY-FIRE SAFETY | ||
| 650 | _aFIRE ESCAPES | ||
| 650 | _aFLATS | ||
| 650 | _aHOUSES IN MULTIPLE OCCUPATION | ||
| 650 | _aHOUSES IN MULTIPLE OCCUPATION | ||
| 690 |
_aHealth and safety _96244 |
||
| 710 |
_aUnited Kingdom _bDepartment of the Environment _9982 |
||
| 710 |
_aUnited Kingdom _bWelsh Office _91214 |
||
| 942 | _n0 | ||
| 999 |
_c101210 _d101210 |
||